00607 a2200157 4500003000500000005001700005040000900022245017600031260003500207300000900242538001100251650006000262942001200322999001900334952009600353Nust20170207164336.0 cNust aMachine Learning and Data Mining in Pattern Recognition(E BOOK)b5th International Conference, MLDM 2007 Leipzig, Germany, July 18-20, 2007 ProceedingscPetra Perner (Ed.) aBerlinbSpringer-Verlag c2007 a927p aE Book aMachine Learning and Data Mining in Pattern Recognition 2ddccBK c208711d208711 00102ddc40708NFICaMCSbMCSd2016-12-12l0o621pMCSEB-1039r2016-12-08w2016-12-12yBK